| 000 | 00865pam a2200289 a 4500 | ||
|---|---|---|---|
| 999 |
_c77101 _d314378 |
||
| 001 | 4680136 | ||
| 003 | OSt | ||
| 005 | 20190731005320.0 | ||
| 008 | 811214s2004 njua b 001 0 eng | ||
| 020 | _a9788126512652 | ||
| 040 |
_aDLC _cDLC _dDLC |
||
| 050 | 0 | 0 |
_aQA402 _b.O63 1983 |
| 082 | 0 | 0 |
_a003 _222 _bHSS |
| 100 |
_aHaykin, Simon _973943 |
||
| 245 | 1 | 0 |
_aSignals and systems / _cSimon Haykin, Barry Van Veen |
| 250 | _a2nd ed | ||
| 260 |
_aNew Delhi : _bWiley, _c2004 |
||
| 300 |
_axix, 802 p. : _bill. ; _c24 cm. |
||
| 440 | 0 |
_aPrentice-Hall signal processing series _939500 |
|
| 500 | _aIncludes index. | ||
| 504 | _aBibliography: p. 777-782. | ||
| 650 | 0 |
_aSystem analysis. _94033 |
|
| 650 | 0 |
_aSignal theory (Telecommunication) _939501 |
|
| 700 |
_aVeen, Barry Van _973944 |
||
| 906 |
_a7 _bcbc _corignew _d1 _eocip _f19 _gy-gencatlg |
||
| 942 |
_2ddc _cBOOK |
||